Brecht's Tradition (Record no. 25748)
[ view plain ]
| 000 -LEADER | |
|---|---|
| fixed length control field | 01283cam a22003974a 4500 |
| 001 - CONTROL NUMBER | |
| control field | muse78499 |
| 003 - CONTROL NUMBER IDENTIFIER | |
| control field | MdBmJHUP |
| 005 - DATE AND TIME OF LATEST TRANSACTION | |
| control field | 20210127151428.0 |
| 006 - FIXED-LENGTH DATA ELEMENTS--ADDITIONAL MATERIAL CHARACTERISTICS | |
| fixed length control field | m o d |
| 007 - PHYSICAL DESCRIPTION FIXED FIELD--GENERAL INFORMATION | |
| fixed length control field | cr||||||||nn|n |
| 008 - FIXED-LENGTH DATA ELEMENTS--GENERAL INFORMATION | |
| fixed length control field | 740520s1967 mdu o 00 0 eng d |
| 010 ## - LIBRARY OF CONGRESS CONTROL NUMBER | |
| Canceled/invalid LC control number | 67012423 |
| 020 ## - INTERNATIONAL STANDARD BOOK NUMBER | |
| International Standard Book Number | 9781421435503 |
| 020 ## - INTERNATIONAL STANDARD BOOK NUMBER | |
| Canceled/invalid ISBN | 9781421435497 |
| 035 ## - SYSTEM CONTROL NUMBER | |
| System control number | (OCoLC)1127561579 |
| 040 ## - CATALOGING SOURCE | |
| Original cataloging agency | MdBmJHUP |
| Transcribing agency | MdBmJHUP |
| 050 04 - LIBRARY OF CONGRESS CALL NUMBER | |
| Classification number | PT2603.R397 |
| Item number | Z8864 |
| 100 1# - MAIN ENTRY--PERSONAL NAME | |
| Personal name | Spalter, Max. |
| 245 10 - TITLE STATEMENT | |
| Title | Brecht's Tradition |
| 264 #1 - PRODUCTION, PUBLICATION, DISTRIBUTION, MANUFACTURE, AND COPYRIGHT NOTICE | |
| Name of producer, publisher, distributor, manufacturer | Johns Hopkins Press |
| 264 #3 - PRODUCTION, PUBLICATION, DISTRIBUTION, MANUFACTURE, AND COPYRIGHT NOTICE | |
| Name of producer, publisher, distributor, manufacturer | Project MUSE, |
| 300 ## - PHYSICAL DESCRIPTION | |
| Extent | 1 online resource (xii, 271 p.) : |
| Other physical details | illus. |
| 504 ## - BIBLIOGRAPHY, ETC. NOTE | |
| Bibliography, etc. note | Bibliography: p. 263-268. |
| 506 0# - RESTRICTIONS ON ACCESS NOTE | |
| Terms governing access | Open Access |
| Standardized terminology for access restriction | Unrestricted online access |
| Source of term | star |
| 588 ## - SOURCE OF DESCRIPTION NOTE | |
| Source of description note | Description based on print version record. |
| 600 11 - SUBJECT ADDED ENTRY--PERSONAL NAME | |
| Personal name | Brecht, Bertolt, |
| Dates associated with a name | 1898-1956. |
| 650 #0 - SUBJECT ADDED ENTRY--TOPICAL TERM | |
| Topical term or geographic name entry element | German drama |
| General subdivision | History and criticism. |
| 655 #7 - INDEX TERM--GENRE/FORM | |
| Genre/form data or focus term | Electronic books. |
| Source of term | local |
| 710 2# - ADDED ENTRY--CORPORATE NAME | |
| Corporate name or jurisdiction name as entry element | Project Muse. |
| Relator term | distributor |
| 830 #0 - SERIES ADDED ENTRY--UNIFORM TITLE | |
| Uniform title | Book collections on Project MUSE. |
| 856 40 - ELECTRONIC LOCATION AND ACCESS | |
| Public note | Full text available: |
| Uniform Resource Identifier | <a href="https://muse.jhu.edu/book/71586/">https://muse.jhu.edu/book/71586/</a> |
| Withdrawn status | Lost status | Source of classification or shelving scheme | Damaged status | Not for loan | Home library | Current library | Shelving location | Date acquired | Total Checkouts | Full call number | Date last seen | Uniform Resource Identifier | Price effective from | Koha item type |
|---|---|---|---|---|---|---|---|---|---|---|---|---|---|---|
| Digital Library | Digital Library | Online Access | 27.01.2021 | PT2603.R397 Z8864 | 27.01.2021 | https://muse.jhu.edu/book/71586/ | 27.01.2021 | eBook |